000 00678nam a2200193Ia 4500
008 0000001988 usa 0000000000eng00
090 _aPSP00 U74j
100 1 _aUslé, Juan
_d1954
245 1 0 _aJuan Uslé
300 _a16 p.
_c/ 21 cm.
500 _aExposición realizada en Farideh Cadot Gallery, New York, 1988 \ Con el patronazgo del maestro venezolano Jesús Rafael Soto (q.e.p.d.)
600 0 0 _aUSLE, JUAN, 1954/
_xTRABAJOS PICTORICOS
650 1 4 _aARTE CONTEMPORANEO ESPAÑOL
650 1 4 _xCATALOGOS
650 1 4 _xEXPOSICIONES
650 1 4 _aPINTORES ESPAÑOLES
650 1 4 _aPINTURA ESPAÑOLA
999 _c6088
_d6088
260 _aNew York : Farideh Cadot Gallery
_c1988